[Event "N1 Reykjavik Open 2014"]
[Site "Reykjavik ISL"]
[Date "2014.03.05"]
[Round "2.100"]
[White "Steinthorsson, Felix"]
[Black "Saraiva, Alexandre Pacheco"]
[Result "0-1"]
[WhiteElo "1530"]
[BlackElo "1963"]
[WhiteFideId "2310040"]
[BlackFideId "2132842"]
[EventDate "2014.03.04"]

1. d4 Nf6 2. Bg5 d5 3. e3 Nbd7 4. Nd2 g6 5. Bd3 Bg7 6. f4 O-O 7. Ngf3 c5 8. c3
Qc7 9. O-O Re8 10. Qe2 b6 11. Ne5 Bb7 12. Rac1 c4 13. Bc2 b5 14. a4 a6 15. Ra1
Nb6 16. axb5 axb5 17. Rfb1 Ne4 18. Bh4 f6 19. Nef3 e5 20. fxe5 fxe5 21. Nxe4
dxe4 22. Nd2 exd4 23. cxd4 Rxa1 24. Rxa1 Bc6 25. Bg3 Qd7 26. Nf1 Nd5 27. Qe1 Bh6
28. Bf2 b4 29. Nd2 c3 30. bxc3 Nxc3 31. Nb3 Kh8 32. Nc5 Qc8 33. Qd2 Bf8 34. Nb3
Bd5 35. Na5 Bg7 36. Bb3 Bxb3 37. Nxb3 Qc4 38. Nc5 h6 39. Kh1 Rf8 40. Rc1 Qe2 41.
Qxe2 Nxe2 42. Rf1 Nxd4 43. Nxe4 Nf5 44. Rb1 Nd6 45. Nxd6 Rxf2 46. Kg1 Rf6 47.
Ne8 Rb6 48. Nxg7 Kxg7 49. Rb3 Kf7 50. Kf2 Ke6 51. Ke2 Kd5 52. Kd3 Kc5 53. Rb2
Rd6+ 54. Kc2 Kc4 55. Kb1 Rd1+ 56. Ka2 Re1 0-1

[Event "N1 Reykjavik Open 2014"]
[Site "Reykjavik ISL"]
[Date "2014.03.05"]
[Round "2.101"]
[White "Longo, Tyler"]
[Black "Sigurvaldason, Hjalmar"]
[Result "1-0"]
[WhiteElo "1961"]
[BlackElo "1512"]
[WhiteFideId "2607034"]
[BlackFideId "2306018"]
[EventDate "2014.03.04"]

1. d4 d5 2. Nf3 Nf6 3. e3 Bf5 4. c4 c6 5. Nc3 e6 6. Be2 Be7 7. Nh4 Bg6 8. Nxg6
hxg6 9. Bf3 Qc7 10. g3 Nbd7 11. O-O dxc4 12. Qe2 Nb6 13. a4 Nbd5 14. Qxc4 O-O
15. e4 Nxc3 16. bxc3 Rac8 17. Bf4 Qa5 18. Rfb1 b6 19. Rd1 Rfd8 20. Bg2 Nh7 21.
e5 Rc7 22. Qb3 Qa6 23. c4 Qc8 24. a5 bxa5 25. Rxa5 Rb7 26. Qa2 Qc7 27. Ra6 Rc8
28. Rxc6 Qxc6 29. Bxc6 Rxc6 30. d5 exd5 31. cxd5 Rcb6 32. Qc4 Rb8 33. d6 Bd8 34.
e6 fxe6 35. Qxe6+ Kh8 36. Qe8+ 1-0

[Event "N1 Reykjavik Open 2014"]
[Site "Reykjavik ISL"]
[Date "2014.03.05"]
[Round "2.102"]
[White "Birkisson, Bardur Orn"]
[Black "Bjornsson, Eirikur K."]
[Result "0-1"]
[WhiteElo "1475"]
[BlackElo "1958"]
[WhiteFideId "2310597"]
[BlackFideId "2301563"]
[EventDate "2014.03.04"]

1. e4 c5 2. Nc3 e6 3. g3 d5 4. Bg2 d4 5. Nce2 Nc6 6. d3 e5 7. f4 f6 8. Nf3 Be6
9. Bd2 Qd7 10. O-O h6 11. a3 Bd6 12. c3 Nge7 13. cxd4 cxd4 14. Rc1 O-O 15. f5
Bf7 16. Qe1 b5 17. g4 Rab8 18. b4 a5 19. Qh4 Kh7 20. Rb1 axb4 21. axb4 Ng8 22.
Bh3 Ra8 23. Rf2 Ra3 24. g5 Bc4 25. dxc4 bxc4 26. gxh6 gxh6 27. Qg3 Qg7 28. Ng5+
Qxg5 29. Bxg5 Rxg3+ 30. hxg3 hxg5 31. b5 Nb4 32. Rff1 c3 33. Ra1 Bc5 34. Kg2 Nc2
35. Rab1 g4 36. Bxg4 Ne3+ 37. Kf3 c2 38. Rh1+ Nh6 39. Ra1 d3 40. Ra6 d2 41. Rc6
d1=Q 42. Rc7+ Kg8 43. Rxh6 Qf1# 0-1

[Event "N1 Reykjavik Open 2014"]
[Site "Reykjavik ISL"]
[Date "2014.03.05"]
[Round "2.103"]
[White "Danielsson, Sigurdur"]
[Black "Davidsdottir, Nansy"]
[Result "0-1"]
[WhiteElo "1953"]
[BlackElo "1510"]
[WhiteFideId "2301792"]
[BlackFideId "2309491"]
[EventDate "2014.03.04"]

1. e4 c5 2. b4 e6 3. bxc5 Bxc5 4. d4 Bb6 5. Ba3 Ne7 6. Nf3 O-O 7. Bd3 d6 8. O-O
Nbc6 9. e5 Ng6 10. Bxd6 Re8 11. c3 Bc7 12. Bxc7 Qxc7 13. Bxg6 fxg6 14. Ng5 Ne7
15. Ne4 Nf5 16. f4 Ne3 17. Qb3 Nxf1 18. Kxf1 Rf8 19. g3 Qc6 20. Nbd2 b6 21. Ke2
Ba6+ 22. Ke3 Rac8 23. Rc1 Kh8 24. Nd6 Qg2 25. Nxc8 0-1

[Event "N1 Reykjavik Open 2014"]
[Site "Reykjavik ISL"]
[Date "2014.03.05"]
[Round "2.104"]
[White "Kravchuk, Mykhaylo"]
[Black "Djurhuus, Eivind X"]
[Result "0-1"]
[WhiteElo "1470"]
[BlackElo "1953"]
[WhiteFideId "2310007"]
[BlackFideId "1515721"]
[EventDate "2014.03.04"]

1. e4 e6 2. d4 d5 3. exd5 exd5 4. c4 Nf6 5. Nf3 Bb4+ 6. Bd2 Bxd2+ 7. Nbxd2 O-O
8. Be2 Bf5 9. O-O h6 10. Re1 c6 11. Rc1 Nbd7 12. Qb3 Qb6 13. h3 dxc4 14. Bxc4
Qxb3 15. Bxb3 Nb6 16. Ne5 Rad8 17. Ndf3 Nbd5 18. Rcd1 Nc7 19. Kh1 Be6 20. Rd3
Nfd5 21. Red1 Nb6 22. Nh2 Bxb3 23. Rxb3 Nb5 24. Rbd3 Rd5 25. Nhf3 Rfd8 26. b3 g6
27. Ng4 Kg7 28. Ne3 R5d7 29. Nc4 f6 30. a4 Nc7 31. Re1 Kf7 32. Kg1 c5 33. Red1
Ne6 34. Nfe5+ fxe5 35. Nxe5+ Kg7 36. Nxd7 Rxd7 37. dxc5 Rxd3 38. Rxd3 Nxc5 39.
Rc3 Ne6 40. g3 Kf6 41. f4 Kf5 42. Re3 Kf6 43. Rd3 Ke7 44. a5 Nc8 45. b4 Nd6 46.
Kf2 a6 47. Kf3 Nd8 48. g4 Nc6 49. b5 axb5 50. Ra3 Nc4 0-1

[Event "N1 Reykjavik Open 2014"]
[Site "Reykjavik ISL"]
[Date "2014.03.05"]
[Round "2.105"]
[White "Farine, Jonathan"]
[Black "Finnsson, Johann Arnar"]
[Result "1-0"]
[WhiteElo "1953"]
[BlackElo "1471"]
[WhiteFideId "2611406"]
[BlackFideId "2308240"]
[EventDate "2014.03.04"]

1. e4 g6 2. d4 Bg7 3. Nf3 d6 4. Bc4 Nf6 5. Qe2 O-O 6. O-O c6 7. Bb3 b5 8. a4 b4
9. Re1 a5 10. Bg5 h6 11. Bh4 Ba6 12. Qe3 Nh7 13. h3 g5 14. Bg3 Nd7 15. Nbd2 c5
16. c3 Rc8 17. cxb4 cxb4 18. Rad1 Qb6 19. e5 Rfe8 20. e6 Ndf6 21. exf7+ Kf8 22.
fxe8=Q+ Rxe8 23. Qe6 Qxd4 24. Qf7# 1-0

[Event "N1 Reykjavik Open 2014"]
[Site "Reykjavik ISL"]
[Date "2014.03.05"]
[Round "2.106"]
[White "Palsdottir, Soley Lind"]
[Black "Sigurjonsson, Siguringi"]
[Result "0-1"]
[WhiteElo "1450"]
[BlackElo "1948"]
[WhiteFideId "2306824"]
[BlackFideId "2300397"]
[EventDate "2014.03.04"]

1. e4 d6 2. d4 g6 3. Nf3 Bg7 4. Bd3 Nd7 5. Be3 Ngf6 6. O-O e5 7. c3 O-O 8. Nbd2
Re8 9. h3 c6 10. Re1 Nh5 11. Qc1 Nf8 12. Bc2 Ne6 13. Nf1 Qf6 14. Ng3 Nhf4 15.
Ne2 Nxh3+ 16. Kh2 Nhf4 17. Nxf4 Nxf4 18. Bxf4 Qxf4+ 19. Qxf4 exf4 20. Rad1 Bg4
21. Rd3 a5 22. a4 b5 23. Bd1 b4 24. cxb4 axb4 25. b3 Re7 26. Nd2 Bxd1 27. Rxd1
d5 28. e5 f6 29. Rc1 Ra6 30. Nf3 fxe5 31. dxe5 Bxe5 32. Nxe5 Rxe5 33. Rd4 Re4
34. Rxe4 dxe4 35. Rc4 e3 36. fxe3 fxe3 37. Rxb4 e2 38. Re4 Rb6 39. Rxe2 Rxb3 40.
Ra2 Kf7 41. Rc2 Rb6 42. Kg3 Ke6 43. Kg4 Rb4+ 44. Kg5 Kd6 45. a5 Ra4 46. Kh6 Rxa5
47. Kxh7 Rg5 48. Kh6 Rg3 49. Rd2+ Ke5 50. Rc2 Kd5 51. Rd2+ Kc4 52. Rc2+ Kb5 53.
Rb2+ Ka6 54. Rc2 Kb6 55. Rb2+ Kc7 56. Rc2 Rg4 57. Kg7 Kd6 58. Rd2+ Ke6 59. Rc2
Kd5 60. Rd2+ Rd4 61. Rxd4+ Kxd4 62. Kxg6 c5 63. g4 c4 64. g5 c3 65. Kf7 c2 66.
g6 c1=Q 67. g7 Qc4+ 68. Kf8 Qc8+ 69. Kf7 Qf5+ 70. Ke7 Qg6 71. Kf8 Qf6+ 72. Kg8
Ke5 73. Kh7 Qf7 74. Kh8 Qh5+ 75. Kg8 Kf6 76. Kf8 Qh6 77. Kg8 Qxg7# 0-1

[Event "N1 Reykjavik Open 2014"]
[Site "Reykjavik ISL"]
[Date "2014.03.05"]
[Round "2.109"]
[White "Ferreira, Alex"]
[Black "Ragnarsson, Heimir Pall"]
[Result "1-0"]
[WhiteElo "1933"]
[BlackElo "1424"]
[WhiteFideId "2606763"]
[BlackFideId "2308860"]
[EventDate "2014.03.04"]

1. e4 c5 2. Nf3 d6 3. d4 cxd4 4. Nxd4 Nf6 5. Nc3 g6 6. Bc4 Bg7 7. Be3 a6 8. f3
b5 9. Bb3 Bb7 10. Qd2 h5 11. O-O-O Nbd7 12. Nde2 Rc8 13. Kb1 Nc5 14. Bxc5 Rxc5
15. Nc1 O-O 16. Nd3 Rc8 17. Qg5 Nd7 18. Qxg6 Nc5 19. Qxh5 Nxb3 20. axb3 Qc7 21.
Qg5 b4 22. Nxb4 Kh7 23. Rd3 a5 24. Nbd5 Qc5 25. Qh4+ Bh6 26. Nxe7 Rb8 27. Nf5 1-0

[Event "N1 Reykjavik Open 2014"]
[Site "Reykjavik ISL"]
[Date "2014.03.05"]
[Round "2.110"]
[White "Sigurdarson, Alec Elias"]
[Black "Mehringer, Joerg"]
[Result "0-1"]
[WhiteElo "1309"]
[BlackElo "1927"]
[WhiteFideId "2311003"]
[BlackFideId "12915351"]
[EventDate "2014.03.04"]

1. e4 e5 2. Nf3 Nc6 3. Bb5 f5 4. Nc3 fxe4 5. Nxe4 d5 6. Nxe5 dxe4 7. Nxc6 Qg5 8.
Qe2 Nf6 9. f4 Qxf4 10. Ne5+ c6 11. d4 Qh4+ 12. g3 Qh3 13. Bc4 Be6 14. Bg5 O-O-O
15. O-O-O Bd6 16. Bxf6 gxf6 17. Nf7 Bxf7 18. Bxf7 Qd7 19. Bh5 f5 20. g4 Kb8 21.
gxf5 Qxf5 22. Rhf1 Qg5+ 23. Kb1 Rhf8 24. h3 e3 25. Bg4 Bg3 26. Qd3 h5 27. Be2
Bf2 28. c3 Rf4 29. Rh1 Rh4 30. Kc2 a6 31. b4 Rd5 32. Bf3 Rf5 33. Be4 Rff4 34.
Bh7 Qg7 35. Bf5 e2 36. Qxe2 Rxf5 37. Rdf1 Qf7 38. Qd3 Qxa2+ 39. Kd1 Rhf4 40. Rh2
Rf3 41. Qe4 Qa1+ 42. Ke2 Qb2+ 43. Kd1 Qxc3 0-1

[Event "N1 Reykjavik Open 2014"]
[Site "Reykjavik ISL"]
[Date "2014.03.05"]
[Round "2.112"]
[White "Kristbergsson, Bjorgvin"]
[Black "Flodmark, Tarras"]
[Result "0-1"]
[WhiteElo "1175"]
[BlackElo "1922"]
[WhiteFideId "2305232"]
[BlackFideId "1719858"]
[EventDate "2014.03.04"]

1. c3 Nf6 2. g3 c5 3. Bg2 d5 4. h3 Nc6 5. e3 e5 6. b3 Bd6 7. Bb2 O-O 8. Na3 Re8
9. Ne2 Bf5 10. d3 a6 11. g4 Be6 12. Qc2 Rc8 13. O-O b5 14. Rad1 h5 15. f3 Qd7
16. e4 b4 17. Nb1 bxc3 18. Bxc3 Nd4 19. Qd2 hxg4 20. fxg4 dxe4 21. Ng3 exd3 22.
Qg5 Nh7 23. Qe3 c4 24. Nh5 Ne2+ 25. Kh1 Nf4 26. Nxf4 exf4 27. Qd4 f6 28. Bd5 Be5
29. Bxe6+ Qxe6 30. Qf2 Qc6+ 31. Kg1 Ng5 32. Qg2 Qxg2+ 33. Kxg2 f3+ 34. Kh1 Bxc3
35. Nxc3 cxb3 36. Na4 Re2 37. h4 Rcc2 0-1

[Event "N1 Reykjavik Open 2014"]
[Site "Reykjavik ISL"]
[Date "2014.03.05"]
[Round "2.113"]
[White "Meier, Gerd"]
[Black "Magnusson, Thorsteinn"]
[Result "1-0"]
[WhiteElo "1901"]
[BlackElo "1234"]
[WhiteFideId "4682971"]
[BlackFideId "2310287"]
[EventDate "2014.03.04"]

1. e4 e6 2. d4 d5 3. e5 c5 4. Nf3 Nc6 5. Bd3 Qb6 6. O-O cxd4 7. Re1 Bc5 8. a3 a5
9. a4 Nge7 10. Bf4 Bd7 11. Na3 Qxb2 12. Nb5 Bb6 13. Nd6+ Kf8 14. Rb1 Qa3 15.
Rxb6 Qxa4 16. Rxb7 Nb4 17. Nxd4 Bc6 18. Rb6 g6 19. Bh6+ Kg8 20. Nxc6 Nexc6 21.
Bb5 Qxc2 22. Qf3 1-0

[Event "N1 Reykjavik Open 2014"]
[Site "Reykjavik ISL"]
[Date "2014.03.05"]
[Round "3.10"]
[White "Ramirez, Alejandro"]
[Black "Abrahamyan, Tatev"]
[Result "1-0"]
[WhiteTitle "GM"]
[BlackTitle "WGM"]
[WhiteElo "2599"]
[BlackElo "2376"]
[WhiteFideId "6500617"]
[BlackFideId "13301918"]
[EventDate "2014.03.04"]

1. Nf3 c5 2. c4 Nc6 3. Nc3 e5 4. e3 Nf6 5. d4 cxd4 6. exd4 e4 7. Ng5 Bb4 8. d5
Ne5 9. Qd4 Qe7 10. Nxe4 Nxe4 11. Qxe4 f5 12. Qe2 f4 13. Bd2 O-O 14. O-O-O d6 15.
a3 Ba5 16. b4 Bb6 17. Na4 Bd7 18. Nxb6 axb6 19. Kb2 b5 20. cxb5 Rfc8 21. Qe1 Bf5
22. Bc3 b6 23. Qd2 Qd7 24. Be2 Nc4+ 25. Bxc4 Rxc4 26. Rc1 Qxb5 27. Qd1 Be4 28.
Re1 Rac8 29. Qg4 Bg6 30. Re7 Rxc3 31. Qxc8+ 1-0

[Event "N1 Reykjavik Open 2014"]
[Site "Reykjavik ISL"]
[Date "2014.03.05"]
[Round "3.34"]
[White "L'Ami, Alina"]
[Black "Vanheirzeele, Daniel"]
[Result "1-0"]
[WhiteTitle "WGM"]
[WhiteElo "2398"]
[BlackElo "2116"]
[WhiteFideId "1210246"]
[BlackFideId "200425"]
[EventDate "2014.03.04"]

1. d4 Nf6 2. c4 e6 3. Nc3 Bb4 4. e3 b6 5. Ne2 Ba6 6. Ng3 Bb7 7. Bd2 h5 8. h4 a6
9. Qc2 Be7 10. f3 d5 11. O-O-O dxc4 12. Bxc4 Nc6 13. Nce2 Qd7 14. Nf4 O-O-O 15.
Kb1 Bd6 16. Nge2 e5 17. dxe5 Nxe5 18. Bb3 g6 19. e4 Qe7 20. Nc3 Kb8 21. Ncd5
Nxd5 22. Nxd5 Bxd5 23. Bxd5 c6 24. Bb3 Bc5 25. Bf4 f6 26. Ba4 Bd4 27. Bxc6 Ka7
28. Bd5 Bc5 29. Rc1 Rc8 30. Qb3 Rhd8 31. a3 a5 32. Qb5 Rd6 33. b4 Rxd5 34. exd5
Rd8 1-0

[Event "N1 Reykjavik Open 2014"]
[Site "Reykjavik ISL"]
[Date "2014.03.05"]
[Round "3.48"]
[White "Aubert, Carsten"]
[Black "Khademalsharieh, Sarasadat"]
[Result "0-1"]
[BlackTitle "WGM"]
[WhiteElo "1997"]
[BlackElo "2294"]
[WhiteFideId "1504320"]
[BlackFideId "12512214"]
[EventDate "2014.03.04"]

1. d4 Nf6 2. c4 e6 3. Nc3 Bb4 4. e3 c5 5. Ne2 cxd4 6. exd4 O-O 7. a3 Be7 8. Nf4
d5 9. cxd5 Nxd5 10. Nfxd5 exd5 11. Be2 Nc6 12. Be3 Be6 13. O-O Re8 14. Na4 Bd6
15. Nc5 Qc7 16. h3 Bxc5 17. dxc5 d4 18. Bd2 Red8 19. b4 d3 20. Bg4 Bxg4 21. Qxg4
Nd4 22. Kh1 f5 23. Qg5 Qf7 24. Rfe1 h6 25. Qh4 Rd7 26. Rad1 Nc2 27. Re5 Re8 28.
Qg3 Rxe5 29. Qxe5 Nxa3 30. Bc3 Qd5 31. Kg1 Qxe5 32. Bxe5 Kf7 33. Bd6 Nc4 34.
Rxd3 Nxd6 35. cxd6 Ke6 36. Kf1 Rxd6 37. Re3+ Kd7 38. Re5 g6 39. h4 h5 40. b5 Re6
41. Rc5 a6 42. bxa6 bxa6 43. f3 Kd6 44. Rc8 Kd5 45. g3 Rc6 46. Ra8 Kd4 47. Kf2
Re6 48. Rc8 Rb6 49. Ke2 Re6+ 50. Kd2 Kd5 51. Kd3 Rc6 52. Ra8 Kc5 53. Kc3 Kb5+
54. Kb3 Re6 55. Rb8+ Kc5 56. Rg8 Kd4 57. Rc8 Re3+ 58. Kc2 Rxf3 59. Rc6 Rxg3 60.
Rxa6 Ke3 0-1

[Event "N1 Reykjavik Open 2014"]
[Site "Reykjavik ISL"]
[Date "2014.03.05"]
[Round "3.49"]
[White "Haldorsen, Benjamin"]
[Black "Vaarala, Eric"]
[Result "1-0"]
[WhiteElo "1994"]
[BlackElo "2285"]
[WhiteFideId "1512633"]
[BlackFideId "1711962"]
[EventDate "2014.03.04"]

1. e4 e6 2. d4 d5 3. Nc3 Bb4 4. Ne2 Nf6 5. Bg5 dxe4 6. a3 Be7 7. Bxf6 gxf6 8.
Nxe4 f5 9. N4c3 Bf6 10. Qd2 Nd7 11. g3 Nb6 12. O-O-O Bd7 13. Bg2 Qe7 14. Rhe1
O-O-O 15. Kb1 Qd6 16. Qf4 Bc6 17. Bxc6 Qxc6 18. Qh6 Be7 19. Rd3 Nc4 20. Nc1 Qb6
21. Nb3 Rdg8 22. Nd5 Qd6 23. Nxe7+ Qxe7 24. h4 Rg4 25. Qc1 Rd8 26. Qd1 Qf6 27.
Qe2 Re4 28. Qd1 c6 29. f3 Rxe1 30. Qxe1 Rg8 31. Qb4 Nb6 32. f4 Qd8 33. Nc5 Qc7
34. Rb3 Re8 35. a4 Re7 36. c4 Qd6 37. a5 Na8 38. Qc3 Qd8 39. a6 b6 40. Nb7 Qh8
41. Qf3 Rc7 42. Rd3 Kb8 43. d5 cxd5 44. cxd5 Qc8 45. Qd1 Rd7 46. Rc3 Qf8 47. d6
Qh8 48. Qa4 Qe8 49. Qb3 Qh8 50. Qb5 Qe8 51. Na5 1-0

[Event "N1 Reykjavik Open 2014"]
[Site "Reykjavik ISL"]
[Date "2014.03.05"]
[Round "3.79"]
[White "Grove, Michael"]
[Black "Heimisson, Hilmir Freyr"]
[Result "0-1"]
[WhiteElo "2097"]
[BlackElo "1761"]
[WhiteFideId "2403943"]
[BlackFideId "2309998"]
[EventDate "2014.03.04"]

1. e4 e6 2. d4 d5 3. Nc3 Bb4 4. Ne2 dxe4 5. a3 Bxc3+ 6. Nxc3 Nf6 7. Bg5 Bd7 8.
Nxe4 Bc6 9. f3 Nbd7 10. Bd3 Nb6 11. c3 Qe7 12. Qd2 O-O-O 13. O-O h6 14. Bf4 Nfd5
15. Bg3 Nd7 16. c4 N5f6 17. Qa5 Nb6 18. Bf2 Kb8 19. b4 Bxe4 20. fxe4 Ng4 21. d5
exd5 22. cxd5 Qe5 23. g3 Nxf2 24. Kxf2 Qd4+ 25. Ke2 Nxd5 26. Qc5 Nc3+ 27. Kf3
Qxd3+ 28. Kg2 Qxe4+ 29. Kh3 Rd5 0-1

[Event "N1 Reykjavik Open 2014"]
[Site "Reykjavik ISL"]
[Date "2014.03.05"]
[Round "3.95"]
[White "Steingrimsson, Karl Egill"]
[Black "Murray, Michael A."]
[Result "0-1"]
[WhiteElo "1663"]
[BlackElo "2004"]
[WhiteFideId "2304791"]
[BlackFideId "2609126"]
[EventDate "2014.03.04"]

1. e4 Nc6 2. Nf3 e6 3. d4 d5 4. e5 f6 5. c3 fxe5 6. dxe5 Bc5 7. Bb5 Ne7 8. Bg5
O-O 9. O-O Bd7 10. Bh4 Nxe5 11. Nxe5 Bxb5 12. Re1 Qe8 13. b4 Bd6 14. a4 Bd7 15.
Nd2 Ng6 16. Nxd7 Qxd7 17. Bg3 Bxg3 18. hxg3 e5 19. Nf3 Rfe8 20. Qb3 c6 21. Rad1
Qf7 22. Re2 e4 23. Nd4 Ne5 24. Qc2 Qh5 25. f3 exf3 26. gxf3 Nxf3+ 27. Nxf3 Qxf3
28. Rg2 Qe3+ 0-1

[Event "N1 Reykjavik Open 2014"]
[Site "Reykjavik ISL"]
[Date "2014.03.05"]
[Round "3.119"]
[White "Norlander, Svante"]
[Black "Sigurdarson, Alec Elias"]
[Result "1-0"]
[WhiteElo "1754"]
[BlackElo "1309"]
[WhiteFideId "1716930"]
[BlackFideId "2311003"]
[EventDate "2014.03.04"]

1. e4 e5 2. Nc3 Nf6 3. f4 d5 4. d3 dxe4 5. fxe5 Ng4 6. d4 Bf5 7. Be2 Nh6 8. Bxh6
gxh6 9. a3 Nc6 10. Bb5 Bd7 11. Bxc6 Bxc6 12. d5 Bd7 13. Qe2 Bf5 14. O-O-O Qg5+
15. Kb1 Bg4 16. Qb5+ Bd7 17. Qxb7 Rc8 18. Nxe4 Qxg2 19. Nf6+ Kd8 20. e6 fxe6 21.
dxe6 Qxb7 22. Rxd7# 1-0

[Event "N1 Reykjavik Open 2014"]
[Site "Reykjavik ISL"]
[Date "2014.03.06"]
[Round "4.5"]
[White "Browne, Walter S."]
[Black "Van Kampen, Robin"]
[Result "0-1"]
[WhiteTitle "GM"]
[BlackTitle "GM"]
[WhiteElo "2444"]
[BlackElo "2603"]
[WhiteFideId "2000210"]
[BlackFideId "1020854"]
[EventDate "2014.03.04"]

1. e4 c5 2. Nf3 e6 3. d4 cxd4 4. Nxd4 Nc6 5. Nc3 Qc7 6. Be3 a6 7. Qd2 Nf6 8. f3
Be7 9. O-O-O b5 10. g4 Nxd4 11. Qxd4 Bb7 12. g5 Nh5 13. Bh3 Rc8 14. Bg4 b4 15.
Bxh5 bxc3 16. b3 e5 17. Qa4 Bc6 18. Qxa6 Ra8 19. Qc4 Rxa2 20. Qxc3 O-O 21. Bg4
Rc8 22. Bc5 Bxe4 23. fxe4 Bxc5 24. Kb1 Bd4 0-1

[Event "N1 Reykjavik Open 2014"]
[Site "Reykjavik ISL"]
[Date "2014.03.06"]
[Round "4.6"]
[White "Grandelius, Nils"]
[Black "Bisby, Daniel L"]
[Result "1-0"]
[WhiteTitle "GM"]
[BlackTitle "FM"]
[WhiteElo "2600"]
[BlackElo "2314"]
[WhiteFideId "1710400"]
[BlackFideId "404586"]
[EventDate "2014.03.04"]

1. d4 d6 2. e4 g6 3. Nc3 Bg7 4. f4 Nf6 5. Nf3 O-O 6. e5 dxe5 7. fxe5 Nd5 8. Bc4
Nb6 9. Bb3 Nc6 10. a4 Bg4 11. a5 Bxf3 12. gxf3 Qxd4 13. Qxd4 Nxd4 14. axb6 axb6
15. Rxa8 Rxa8 16. f4 c6 17. Kf2 Nxb3 18. cxb3 f6 19. e6 f5 20. Rd1 Bxc3 21. bxc3
Kg7 22. Bb2 Ra2 23. Rd2 Kf6 24. Re2 g5 25. c4+ Kg6 26. fxg5 f4 27. Kf3 1-0

[Event "N1 Reykjavik Open 2014"]
[Site "Reykjavik ISL"]
[Date "2014.03.06"]
[Round "4.7"]
[White "Ezat, Mohamed"]
[Black "Rozentalis, Eduardas"]
[Result "1/2-1/2"]
[WhiteTitle "IM"]
[BlackTitle "GM"]
[WhiteElo "2439"]
[BlackElo "2623"]
[WhiteFideId "10600906"]
[BlackFideId "12800023"]
[EventDate "2014.03.04"]

1. d4 Nf6 2. c4 e6 3. Nf3 Bb4+ 4. Bd2 c5 5. Bxb4 cxb4 6. g4 d5 7. e3 Nc6 8. Nbd2
O-O 9. Rg1 Re8 10. Bd3 Nd7 11. h4 Nf8 12. Qc2 Bd7 13. Ng5 g6 14. Qb3 Qe7 15.
cxd5 Na5 16. d6 Qxd6 17. Qd1 Bc6 18. f4 Qe7 19. h5 f6 20. Ngf3 g5 21. fxg5 fxg5
22. Ne4 1/2-1/2

[Event "N1 Reykjavik Open 2014"]
[Site "Reykjavik ISL"]
[Date "2014.03.06"]
[Round "4.8"]
[White "Galego, Luis"]
[Black "Li, Chao b"]
[Result "0-1"]
[WhiteTitle "GM"]
[BlackTitle "GM"]
[WhiteElo "2463"]
[BlackElo "2700"]
[WhiteFideId "1900072"]
[BlackFideId "8604436"]
[EventDate "2014.03.04"]

1. e4 c5 2. Nf3 d6 3. Nc3 Nf6 4. g3 Nc6 5. Bg2 g6 6. d4 cxd4 7. Nxd4 Nxd4 8.
Qxd4 Bg7 9. Bg5 O-O 10. Qd2 Qb6 11. O-O-O Be6 12. Be3 Qa6 13. a3 Rfc8 14. Bd4 b5
15. Bf1 Rab8 16. Kb1 Bg4 17. Bxf6 Bxf6 18. Nd5 Bxd1 19. Qxd1 Qa4 20. f3 b4 0-1

[Event "N1 Reykjavik Open 2014"]
[Site "Reykjavik ISL"]
[Date "2014.03.06"]
[Round "4.10"]
[White "Gledura, Benjamin"]
[Black "Stefansson, Hannes"]
[Result "1/2-1/2"]
[WhiteTitle "FM"]
[BlackTitle "GM"]
[WhiteElo "2385"]
[BlackElo "2541"]
[WhiteFideId "712779"]
[BlackFideId "2300087"]
[EventDate "2014.03.04"]

1. Nf3 b6 2. e4 Bb7 3. Nc3 Nf6 4. e5 Nd5 5. Nxd5 Bxd5 6. d4 e6 7. Be2 Be7 8. O-O
O-O 9. c4 Bb7 10. Be3 d6 11. exd6 cxd6 12. Rc1 Nd7 13. d5 e5 14. b4 1/2-1/2

[Event "N1 Reykjavik Open 2014"]
[Site "Reykjavik ISL"]
[Date "2014.03.06"]
[Round "4.11"]
[White "Dubessay, Bastien"]
[Black "Molner, Mackenzie"]
[Result "1/2-1/2"]
[WhiteTitle "FM"]
[BlackTitle "GM"]
[WhiteElo "2362"]
[BlackElo "2528"]
[WhiteFideId "650048"]
[BlackFideId "2021722"]
[EventDate "2014.03.04"]

1. d4 Nf6 2. c4 g6 3. Nc3 d5 4. cxd5 Nxd5 5. e4 Nxc3 6. bxc3 Bg7 7. Nf3 c5 8.
Rb1 O-O 9. Be2 Nc6 10. d5 Ne5 11. Nxe5 Bxe5 12. Qd2 e6 13. f4 Bc7 14. O-O exd5
15. exd5 Ba5 16. f5 Bxf5 17. Rxb7 Qd6 18. Bc4 Rfb8 19. Rxb8+ Rxb8 20. Qg5 Bxc3
21. Rxf5 Bd4+ 22. Rf2 Rb4 23. Bb3 c4 24. Bc2 Qc5 25. Qd8+ Kg7 26. Be3 Bxe3 27.
Qf6+ Kh6 1/2-1/2

[Event "N1 Reykjavik Open 2014"]
[Site "Reykjavik ISL"]
[Date "2014.03.06"]
[Round "4.12"]
[White "Bekker-Jensen, Simon"]
[Black "Olafsson, Helgi"]
[Result "1-0"]
[WhiteTitle "IM"]
[BlackTitle "GM"]
[WhiteElo "2418"]
[BlackElo "2546"]
[WhiteFideId "1403613"]
[BlackFideId "2300010"]
[EventDate "2014.03.04"]

1. d4 Nf6 2. c4 e6 3. Nc3 Bb4 4. e3 O-O 5. Bd3 c5 6. Nf3 d5 7. O-O b6 8. a3 Bxc3
9. bxc3 dxc4 10. Bxc4 Qc7 11. Qe2 Bb7 12. Bb2 Nbd7 13. Nd2 e5 14. e4 exd4 15.
cxd4 Rfe8 16. f3 Rad8 17. Rac1 Qf4 18. Nb3 cxd4 19. Nxd4 Nc5 20. Rcd1 Bc8 21.
Bc1 Qc7 22. Bg5 a6 23. Ba2 Na4 24. Qe3 Qc5 25. Ne2 Qxe3+ 26. Bxe3 Be6 27. Bxe6
fxe6 28. Rd4 Rxd4 29. Nxd4 Kf7 30. Rc1 Nc5 31. Nc6 Nfd7 32. Kf1 Rc8 33. Nb4 Ra8
34. Ke2 Ke7 35. Rd1 Rc8 36. Bg5+ Ke8 37. Rd6 Ne5 38. Rxb6 Nc4 39. Rc6 Rxc6 40.
Nxc6 Kd7 41. Nb4 Nxa3 42. Be3 a5 43. Bxc5 axb4 44. Bxb4 Nc4 45. f4 Ke8 46. Kd3
Nb6 47. Bc3 Kf7 48. Bd4 Nd7 49. Kc4 h5 50. Kb5 Nf8 51. Kc5 Ng6 52. g3 h4 53. Kd6
hxg3 54. hxg3 Nf8 55. Bb6 Ng6 56. Bd8 Nf8 57. Bh4 Ng6 58. Bg5 Nf8 59. g4 Ng6 60.
f5 exf5 61. gxf5 Nf8 62. Be7 1-0